Mei lee di mao zhou . The beautiful of "incantation"

Bibliographic Details
Main Author: Brezina, Thomas
Other Authors: Sun Ning
Format: Book
Published: Hangzhou : Zhe Jiang Teenager Pub Dist. , 2009
Series:Nu sheng mao xian xiao hu dui
Subjects:

MARC

LEADER 00000cam a2200000 7i4500
001 0000138607
005 20250722105544.0
020 |a 9787534250255 
090 0 0 |a JFM   |b BRE 
100 1 |a Brezina, Thomas 
245 1 0 |a Mei lee di mao zhou .   |p The beautiful of "incantation"   |c Thomas Brezina ; translator Sun Ning 
260 |a Hangzhou :   |b Zhe Jiang Teenager Pub Dist. ,   |c 2009 
300 |a 153p. :   |b ill. ;   |c 19cm. 
490 0 |a Nu sheng mao xian xiao hu dui 
650 0 0 |a Children's stories, Chinese 
650 0 0 |a Chinese fiction 
700 0 |a Sun Ning 
999 |a 00232519   |b BUKU   |c JUNIOR FICTION MANDARIN COLLECTION   |e PERPUSTAKAAN KOMUNITI PETALING JAYA